[Event "TCh-ISR 2019"]
[Site "Israel ISR"]
[Date "2019.02.23"]
[Round "8.4"]
[Board "4"]
[White "Parkhov, Yair"]
[Black "Kobo, Ori"]
[Result "0-1"]
[WhiteTitle "FM"]
[BlackTitle "GM"]
[WhiteElo "2336"]
[BlackElo "2485"]
[WhiteTeam "Tsafrir Rehovot Alef"]
[BlackTeam "Feldklain Rishon leTsion"]
[WhiteFideId "2813408"]
[BlackFideId "2812320"]
[EventDate "2019.01.04"]
[EventType "team-tourn"]

1. c4 e5 2. Nc3 Bb4 3. Nd5 a5 4. a3 Bc5 5. Nf3 c6 6. Nc3 d6 7. e3 Qe7 8. d4 exd4
9. Nxd4 Nf6 10. Be2 O-O 11. O-O Na6 12. b3 Nc7 13. Bf3 g6 14. Bb2 Ne6 15. Na4
Ba7 16. Re1 Bd7 17. Nc3 Ng5 18. Be2 h5 19. Nf3 Ng4 20. Bf1 Rfe8 21. Nxg5 Qxg5
22. Qf3 Re6 23. Ne4 Qe7 24. Ng3 Re8 25. Kh1 Qh4 26. h3 f5 27. Qf4 Bb8 28. Kg1 d5
29. Qf3 Nxf2 30. cxd5 cxd5 31. Kxf2 f4 32. Kg1 Qxg3 33. Qxg3 fxg3 34. Rad1 Bc6
35. Bd4 Bf4 36. Rd3 Re4 37. Bb6 a4 38. b4 Bh6 39. b5 Bxb5 40. Rxd5 Bxf1 41. Rxf1
Bxe3+ 42. Bxe3 Rxe3 43. Rd6 Kg7 44. Rd7+ R8e7 45. Rfd1 Kh6 46. Rxe7 Rxe7 47. Kf1
Rf7+ 48. Kg1 Rc7 49. Kf1 Rc3 50. Rd7 Rxa3 51. Rxb7 Ra1+ 52. Ke2 a3 53. Kf3 Rf1+
54. Ke2 a2 55. Kxf1 a1=Q+ 0-1

[Event "TCh-ISR 2019"]
[Site "Israel ISR"]
[Date "2019.02.23"]
[Round "8.4"]
[Board "5"]
[White "Bronstein, Or"]
[Black "Psakhis, Lev"]
[Result "1/2-1/2"]
[WhiteTitle "FM"]
[BlackTitle "GM"]
[WhiteElo "2370"]
[BlackElo "2455"]
[WhiteTeam "Feldklain Rishon leTsion"]
[BlackTeam "Tsafrir Rehovot Alef"]
[WhiteFideId "2815770"]
[BlackFideId "2800012"]
[EventDate "2019.01.04"]
[EventType "team-tourn"]

1. d4 Nf6 2. c4 e6 3. g3 c5 4. Nf3 cxd4 5. Nxd4 Qc7 6. Nc3 a6 7. Bg2 Qxc4 8. O-O
Nc6 9. Nb3 d5 10. Bf4 Qb4 1/2-1/2

[Event "TCh-ISR 2019"]
[Site "Israel ISR"]
[Date "2019.02.23"]
[Round "8.4"]
[Board "6"]
[White "Mikhalevski, Alexander"]
[Black "Kaspi, Alexander"]
[Result "1-0"]
[WhiteTitle "IM"]
[BlackTitle "IM"]
[WhiteElo "2430"]
[BlackElo "2464"]
[WhiteTeam "Tsafrir Rehovot Alef"]
[BlackTeam "Feldklain Rishon leTsion"]
[WhiteFideId "2801728"]
[BlackFideId "2802910"]
[EventDate "2019.01.04"]
[EventType "team-tourn"]

1. d4 d5 2. c4 e6 3. Nf3 a6 4. g3 Nf6 5. Bg2 dxc4 6. O-O b5 7. Ne5 Ra7 8. a4 b4
9. Qc2 Bb7 10. Bxb7 Rxb7 11. Qxc4 Qd5 12. Nd2 c5 13. Qxd5 Nxd5 14. dxc5 Bxc5 15.
Nb3 Be7 16. e4 Nf6 17. Be3 Nbd7 18. Na5 Rc7 19. Nxd7 Rxd7 20. f3 O-O 21. Rac1
Ra8 22. Kf2 Ne8 23. Rc6 Nd6 24. Ke2 Nb7 25. Nxb7 Rxb7 26. Rfc1 h5 27. Rc8+ Rxc8
28. Rxc8+ Kh7 29. b3 Kg6 30. Rc6 Rd7 31. Bf4 Ra7 32. Rc7 Rxc7 33. Bxc7 f5 34.
Kd3 h4 35. e5 Bc5 36. Bd6 Bg1 37. gxh4 Kh5 38. Bxb4 Kxh4 39. Bd6 Kh3 40. b4 g5
41. Bc5 Bxh2 42. Bd4 g4 43. fxg4 fxg4 44. b5 axb5 45. a5 g3 46. a6 g2 47. a7
Bxe5 48. a8=Q Bxd4 49. Qf3+ Kh2 50. Qh5+ Kg3 51. Qg5+ Kf2 52. Qf4+ Ke1 53. Qxd4 1-0

[Event "TCh-ISR 2019"]
[Site "Israel ISR"]
[Date "2019.02.23"]
[Round "8.5"]
[Board "1"]
[White "Grinberg, Eyal"]
[Black "Soffer, Ram"]
[Result "1/2-1/2"]
[WhiteTitle "IM"]
[BlackTitle "GM"]
[WhiteElo "2470"]
[BlackElo "2477"]
[WhiteTeam "Kfar Saba"]
[BlackTeam "ASA Shlomo Har-Tsvi Tel Aviv"]
[WhiteFideId "2806070"]
[BlackFideId "2800101"]
[EventDate "2019.01.04"]
[EventType "team-tourn"]

1. e4 c6 2. d4 d5 3. e5 Bf5 4. Nf3 e6 5. Be2 Ne7 6. O-O c5 7. dxc5 Nec6 8. a3
Bxc5 9. b4 Bb6 10. Bb2 Nd7 11. c4 O-O 12. cxd5 exd5 13. b5 Na5 14. Nbd2 Re8 15.
Rc1 Bc7 16. Nb3 Nxb3 17. Qxb3 Nxe5 18. Rfd1 Be4 19. Nd2 Qe7 20. Nxe4 dxe4 21.
Qc3 Bb6 22. Rd5 f6 23. Qb3 Kh8 24. Rcd1 Nd3 25. Bxd3 exd3 26. Qxd3 Rad8 27. Rxd8
Rxd8 28. Qc2 Rxd1+ 29. Qxd1 h6 30. g3 Qe4 31. a4 Kh7 32. Bc3 Kg6 33. Bb2 h5 34.
h4 a6 35. bxa6 bxa6 36. Bc3 Bc5 37. Bb2 Bb4 38. Bd4 Bd6 39. Bb6 Be5 1/2-1/2

[Event "TCh-ISR 2019"]
[Site "Israel ISR"]
[Date "2019.02.23"]
[Round "8.5"]
[Board "2"]
[White "Shvidler, Eliahu"]
[Black "Boruchovsky, Avital"]
[Result "0-1"]
[WhiteTitle "IM"]
[BlackTitle "GM"]
[WhiteElo "2357"]
[BlackElo "2525"]
[WhiteTeam "ASA Shlomo Har-Tsvi Tel Aviv"]
[BlackTeam "Kfar Saba"]
[WhiteFideId "2800160"]
[BlackFideId "2800055"]
[EventDate "2019.01.04"]
[EventType "team-tourn"]

1. d4 Nf6 2. Nf3 e6 3. c4 d5 4. g3 c6 5. Qc2 Nbd7 6. Nbd2 c5 7. cxd5 exd5 8. Bg2
Be7 9. O-O O-O 10. b3 b6 11. dxc5 Bxc5 12. Bb2 Ba6 13. Nd4 Rc8 14. Qd1 Re8 15.
N2f3 Qe7 16. Bh3 Rc7 17. Qd2 Ne4 18. Qf4 Bd6 19. Qh4 Qxh4 20. gxh4 Ne5 21. Rfd1
Bxe2 22. Nxe2 Nxf3+ 23. Kg2 Nxh4+ 24. Kf1 Rc2 25. Bc1 Be5 0-1

[Event "TCh-ISR 2019"]
[Site "Israel ISR"]
[Date "2019.02.23"]
[Round "8.5"]
[Board "3"]
[White "Mindlin, Alon"]
[Black "Kreizberg, Michael"]
[Result "1/2-1/2"]
[WhiteTitle "IM"]
[BlackTitle "FM"]
[WhiteElo "2462"]
[BlackElo "2297"]
[WhiteTeam "Kfar Saba"]
[BlackTeam "ASA Shlomo Har-Tsvi Tel Aviv"]
[WhiteFideId "2800071"]
[BlackFideId "2803372"]
[EventDate "2019.01.04"]
[EventType "team-tourn"]

1. d4 d5 2. c4 c6 3. cxd5 cxd5 4. Bg5 h6 5. Bh4 Qb6 6. Nc3 e6 7. Qd2 Nc6 8. e3
Be7 9. Bxe7 Ngxe7 10. Nf3 Bd7 11. Bd3 Rc8 12. Na4 Qb4 13. Nc5 Rc7 14. a3 Qxd2+
15. Kxd2 O-O 16. Rac1 Rfc8 17. Nxd7 Rxd7 18. Rc5 Kf8 19. Rhc1 f6 20. g4 Rdd8 21.
b4 Ke8 22. h4 Kd7 23. g5 hxg5 24. hxg5 Rh8 25. Rg1 Kd6 26. Rcc1 e5 27. gxf6 gxf6
28. Bb5 e4 29. Bxc6 Nxc6 30. Ne1 Rh2 31. Rg2 Rch8 32. Ke2 Ne7 33. b5 Rxg2 34.
Nxg2 Rc8 1/2-1/2

[Event "TCh-ISR 2019"]
[Site "Israel ISR"]
[Date "2019.02.23"]
[Round "8.5"]
[Board "4"]
[White "Kundin, Alexander"]
[Black "Rozentalis, Eduardas"]
[Result "0-1"]
[WhiteTitle "IM"]
[BlackTitle "GM"]
[WhiteElo "2311"]
[BlackElo "2526"]
[WhiteTeam "ASA Shlomo Har-Tsvi Tel Aviv"]
[BlackTeam "Kfar Saba"]
[WhiteFideId "2803097"]
[BlackFideId "12800023"]
[EventDate "2019.01.04"]
[EventType "team-tourn"]

1. e4 e6 2. d4 d5 3. Nd2 c5 4. Ngf3 cxd4 5. Nxd4 Nc6 6. Bb5 Bd7 7. Nxc6 bxc6 8.
Bd3 Qc7 9. O-O Bd6 10. Nf3 Ne7 11. Re1 Ng6 12. Qe2 Nf4 13. Bxf4 Bxf4 14. g3 Bd6
15. exd5 cxd5 16. Ng5 g6 17. Qg4 Be7 18. h4 O-O 19. h5 e5 20. Qh4 h6 21. hxg6
Bxg5 22. Qh5 e4 23. Rxe4 dxe4 24. Bxe4 f5 25. Bxa8 Rxa8 26. Rd1 Re8 27. Qf3 Qc6
28. Qd3 Re7 29. c4 Qxg6 0-1

[Event "TCh-ISR 2019"]
[Site "Israel ISR"]
[Date "2019.02.23"]
[Round "8.5"]
[Board "5"]
[White "Ben Artzi, Ido"]
[Black "Stepak, Yedael"]
[Result "1-0"]
[WhiteTitle "IM"]
[BlackTitle "FM"]
[WhiteElo "2382"]
[BlackElo "2223"]
[WhiteTeam "Kfar Saba"]
[BlackTeam "ASA Shlomo Har-Tsvi Tel Aviv"]
[WhiteFideId "2810913"]
[BlackFideId "2800454"]
[EventDate "2019.01.04"]
[EventType "team-tourn"]

1. d4 Nf6 2. c4 g6 3. Nc3 Bg7 4. e4 d6 5. f3 O-O 6. Be3 Nc6 7. Nge2 a6 8. Qd2
Re8 9. Rc1 Rb8 10. b3 Bd7 11. d5 Na5 12. Nd4 c5 13. dxc6 Nxc6 14. Be2 Nxd4 15.
Bxd4 Bc6 16. O-O Qa5 17. Rfd1 Nd7 18. Bxg7 Kxg7 19. f4 Qc5+ 20. Kh1 Nf6 21. Bf3
h5 22. Nd5 Bxd5 23. exd5 a5 24. f5 Rbd8 25. fxg6 fxg6 26. Re1 Qc7 27. Re6 Rf8
28. Qg5 Kf7 29. c5 dxc5 30. Be4 Rg8 31. Rf1 Rg7 32. d6 Rxd6 33. Rfxf6+ Kg8 34.
Rxd6 exf6 35. Qxf6 Qe7 36. Rd8+ 1-0

[Event "TCh-ISR 2019"]
[Site "Israel ISR"]
[Date "2019.02.23"]
[Round "8.5"]
[Board "6"]
[White "Gershkowich, David"]
[Black "Gorshtein, Ido"]
[Result "1-0"]
[WhiteTitle "FM"]
[BlackTitle "FM"]
[WhiteElo "2200"]
[BlackElo "2382"]
[WhiteTeam "ASA Shlomo Har-Tsvi Tel Aviv"]
[BlackTeam "Kfar Saba"]
[WhiteFideId "2803356"]
[BlackFideId "2815532"]
[EventDate "2019.01.04"]
[EventType "team-tourn"]

1. e4 c6 2. d4 d5 3. f3 Qb6 4. Nc3 dxe4 5. fxe4 e5 6. dxe5 Be6 7. Bd2 Nd7 8. Nf3
O-O-O 9. Bd3 Ne7 10. Na4 Qc7 11. O-O Nxe5 12. Nxe5 Qxe5 13. Be3 Ng6 14. Qe2 Bd6
15. g3 h5 16. Qf2 h4 17. g4 h3 18. Bxa7 Rh4 19. Bd4 Qg5 20. Kh1 Rxg4 21. Rg1 Rg2
22. Rxg2 hxg2+ 23. Qxg2 Qe7 24. Bg1 Nh4 25. Qxg7 Nf3 26. Bf2 b5 27. Qc3 Qc7 28.
Bb6 Qb7 29. Bxd8 Be5 30. Qa5 1-0

[Event "TCh-ISR 2019"]
[Site "Israel ISR"]
[Date "2019.02.23"]
[Round "8.6"]
[Board "1"]
[White "Sivuk, Vitaly"]
[Black "Sutovsky, Emil"]
[Result "1/2-1/2"]
[WhiteTitle "GM"]
[BlackTitle "GM"]
[WhiteElo "2552"]
[BlackElo "2628"]
[WhiteTeam "haPoel Petah Tiqwa Alef"]
[BlackTeam "Ashdod Elit"]
[WhiteFideId "14116502"]
[BlackFideId "2802007"]
[EventDate "2019.01.04"]
[EventType "team-tourn"]

1. e4 c5 2. Nf3 d6 3. d4 cxd4 4. Nxd4 Nf6 5. Nc3 a6 6. Be2 e5 7. Nf3 Be7 8. Bg5
Be6 9. Bxf6 Bxf6 10. Nd5 Nd7 11. Bc4 Rc8 12. Bb3 Nc5 13. Nxf6+ gxf6 14. O-O Nxe4
15. Bd5 f5 16. Bxb7 Rb8 17. Bc6+ Ke7 18. Bxe4 fxe4 19. Ng5 Bc4 20. Re1 f5 21. b3
Bg8 22. Qh5 h6 23. Rad1 Kf6 24. f4 Kg7 25. Nh3 Qf6 26. Rf1 Bf7 27. Qe2 Rbc8 28.
Rf2 Rc3 29. Qxa6 e3 30. Rf3 e2 31. Qxe2 Bh5 32. fxe5 Qh4 33. exd6 Bxf3 34. gxf3
Qxh3 35. Qe7+ Kg6 36. Rd2 Qxf3 37. Rg2+ Kh5 38. Qf7+ Kh4 39. Qf6+ Kh5 40. Qg6+
Kh4 41. Qf6+ Kh5 42. Qg6+ Kh4 43. Qf6+ 1/2-1/2

[Event "TCh-ISR 2019"]
[Site "Israel ISR"]
[Date "2019.02.23"]
[Round "8.6"]
[Board "2"]
[White "Moiseenko, Alexander"]
[Black "Rechlis, Gad"]
[Result "1-0"]
[WhiteTitle "GM"]
[BlackTitle "GM"]
[WhiteElo "2640"]
[BlackElo "2526"]
[WhiteTeam "Ashdod Elit"]
[BlackTeam "haPoel Petah Tiqwa Alef"]
[WhiteFideId "14102560"]
[BlackFideId "2800047"]
[EventDate "2019.01.04"]
[EventType "team-tourn"]

1. d4 Nf6 2. c4 e6 3. Nc3 Bb4 4. Nf3 b6 5. e3 Ne4 6. Qc2 Bb7 7. Bd3 f5 8. O-O
Bxc3 9. bxc3 O-O 10. Nd2 Qh4 11. f3 Ng5 12. f4 Nh3+ 13. gxh3 Rf6 14. Nf3 Rg6+
15. Kh1 Qxh3 16. Qf2 d6 17. Be2 Nd7 18. Rg1 Rg4 19. Rg3 Qh5 20. d5 exd5 21. cxd5
Bxd5 22. c4 Bb7 23. Kg1 Nf6 24. Bb2 Ne4 25. Rxg4 fxg4 26. Qh4 Qg6 27. f5 Qxf5
28. Nd4 Qe5 29. Qxg4 Ng5 30. Qg3 Qe4 31. Qxg5 1-0

[Event "TCh-ISR 2019"]
[Site "Israel ISR"]
[Date "2019.02.23"]
[Round "8.6"]
[Board "3"]
[White "Steinberg, Nitzan"]
[Black "Smirin, Ilia"]
[Result "1/2-1/2"]
[WhiteTitle "GM"]
[BlackTitle "GM"]
[WhiteElo "2530"]
[BlackElo "2610"]
[WhiteTeam "haPoel Petah Tiqwa Alef"]
[BlackTeam "Ashdod Elit"]
[WhiteFideId "2801795"]
[BlackFideId "2801990"]
[EventDate "2019.01.04"]
[EventType "team-tourn"]

1. e4 e5 2. Nf3 Nc6 3. Bb5 a6 4. Ba4 Nf6 5. Nc3 Be7 6. Bxc6 dxc6 7. h3 Qd6 8.
O-O c5 9. d3 O-O 10. b3 Be6 11. a4 Nd7 12. Nd2 Qc6 13. Nc4 b5 14. Ne3 Nb6 15. a5
Nc8 16. Qh5 Bd6 17. Ncd5 f5 18. f4 fxe4 19. dxe4 exf4 20. Ng4 Bxd5 21. Nh6+ Kh8
22. exd5 Qe8 23. Qxe8 Rxe8 24. Nf7+ Kg8 25. Bxf4 Re2 26. c4 bxc4 27. bxc4 Rb8
28. Nxd6 Nxd6 29. Rab1 Rbb2 30. Rxb2 Rxb2 31. Re1 Kf7 32. Bxd6 cxd6 33. Re6 Rb4
34. Rxd6 Rxc4 35. Rxa6 Rd4 36. d6 Ke6 37. Kf2 Rd2+ 38. Kf3 h5 39. Rb6 Ra2 40. a6
c4 41. Ke3 c3 42. Kd3 c2 43. Kd2 g5 44. Kc1 g4 45. h4 g3 46. Rc6 Kd7 47. Rc7+
Kxd6 48. Rg7 Ke5 49. Rxg3 Ke4 50. a7 Rxa7 51. Kxc2 Ra5 52. Kd2 Kf4 53. Rg8 Re5
54. Kd3 Re3+ 55. Kd4 Rg3 56. Rxg3 Kxg3 57. Ke5 Kxh4 58. Kf4 1/2-1/2

[Event "TCh-ISR 2019"]
[Site "Israel ISR"]
[Date "2019.02.23"]
[Round "8.6"]
[Board "4"]
[White "Bar, Roman"]
[Black "Manor, Ilan"]
[Result "1-0"]
[WhiteTitle "IM"]
[BlackTitle "GM"]
[WhiteElo "2484"]
[BlackElo "2472"]
[WhiteTeam "Ashdod Elit"]
[BlackTeam "haPoel Petah Tiqwa Alef"]
[WhiteFideId "2803879"]
[BlackFideId "2800110"]
[EventDate "2019.01.04"]
[EventType "team-tourn"]

1. e4 c5 2. Nf3 Nc6 3. Bb5 g6 4. Bxc6 bxc6 5. O-O Bg7 6. Re1 Nf6 7. e5 Nd5 8. c4
Nc7 9. d4 cxd4 10. Qxd4 d5 11. Nc3 Ne6 12. Qh4 d4 13. Ne4 h6 14. Qg3 c5 15. h4
Bb7 16. Bd2 Qb6 17. b3 a5 18. Rab1 a4 19. b4 cxb4 20. Rxb4 Qc6 21. Nf6+ exf6 22.
Nxd4 Qd7 23. exf6 Bxf6 24. Rxe6+ fxe6 25. Qxg6+ Ke7 26. Rxb7 Qxb7 27. Bb4+ Kd7
28. Qf7+ Kc8 29. Qxe6+ Qd7 30. Qxf6 Re8 31. c5 Re4 32. Qf8+ Qe8 33. Qf5+ Kc7 34.
Qf6 Rd8 35. Ba5+ Kb7 36. Qb6+ Kc8 37. Qc7# 1-0

[Event "TCh-ISR 2019"]
[Site "Israel ISR"]
[Date "2019.02.23"]
[Round "8.6"]
[Board "5"]
[White "Bitensky, Igor"]
[Black "Golod, Vitali"]
[Result "1/2-1/2"]
[WhiteTitle "IM"]
[BlackTitle "GM"]
[WhiteElo "2373"]
[BlackElo "2532"]
[WhiteTeam "haPoel Petah Tiqwa Alef"]
[BlackTeam "Ashdod Elit"]
[WhiteFideId "2804085"]
[BlackFideId "2804140"]
[EventDate "2019.01.04"]
[EventType "team-tourn"]

1. e4 c5 2. Nf3 e6 3. g3 d5 4. exd5 exd5 5. d4 Nc6 6. Bg2 cxd4 7. Nxd4 Nf6 8.
O-O Be7 9. c4 O-O 10. cxd5 Nxd5 11. Nxc6 bxc6 12. Qa4 Qb6 13. Nc3 Be6 14. Nxd5
cxd5 15. Rd1 Rfd8 16. b3 Rac8 17. Be3 Bc5 18. Bd4 h6 19. Rd2 Bxd4 20. Qxd4 Qxd4
21. Rxd4 Rc2 1/2-1/2

[Event "TCh-ISR 2019"]
[Site "Israel ISR"]
[Date "2019.02.23"]
[Round "8.6"]
[Board "6"]
[White "Kantsler, Boris"]
[Black "Botvinnik, Mikhail"]
[Result "1-0"]
[WhiteTitle "GM"]
[WhiteElo "2398"]
[BlackElo "2379"]
[WhiteTeam "Ashdod Elit"]
[BlackTeam "haPoel Petah Tiqwa Alef"]
[WhiteFideId "2805359"]
[BlackFideId "2805650"]
[EventDate "2019.01.04"]
[EventType "team-tourn"]

1. d4 d5 2. c4 dxc4 3. Nf3 Nf6 4. e3 b5 5. a4 b4 6. Bxc4 e6 7. O-O Bb7 8. a5 a6
9. Qe2 c5 10. Nbd2 Nbd7 11. Nb3 Be7 12. Bd2 cxd4 13. exd4 Nd5 14. Rfc1 O-O 15.
Bd3 Qb8 16. Ne5 Nxe5 17. dxe5 Rc8 18. Rxc8+ Qxc8 19. Rc1 Qd7 20. Nc5 Bxc5 21.
Rxc5 Rc8 22. Rxc8+ Qxc8 23. Qe4 g6 24. Qd4 Kg7 25. Bxb4 Qc1+ 26. Bf1 Nxb4 27.
Qxb4 Bd5 28. Qc3 Qd1 29. f3 h5 30. h4 Bb7 31. Kf2 Qa4 32. b4 Qd1 33. b5 axb5 34.
Bxb5 Qb1 35. Bc4 Qh1 36. Qd4 Qb1 37. a6 Ba8 38. a7 Qc2+ 39. Kg3 Qa4 40. Qc5 Qa1
41. Qe3 Bc6 42. Bd3 Qa3 43. Kf2 Qa2+ 44. Be2 Qa1 45. Qb6 Bd5 46. Qc5 Qa2 47. Qd4
Bc6 48. g4 hxg4 49. fxg4 Qb3 50. h5 Qh3 51. hxg6 Qg2+ 52. Ke1 Kxg6 53. Qe3 f6
54. exf6 Qh1+ 55. Kd2 Kxf6 56. g5+ Ke7 57. Qc5+ Kf7 58. Bd3 Bd5 59. Qc7+ Kf8 60.
Qd8+ Kg7 61. Qf6+ Kg8 62. Qg6+ Kf8 63. Qh6+ 1-0

[Event "TCh-ISR 2019"]
[Site "Israel ISR"]
[Date "2019.03.08"]
[Round "9.1"]
[Board "1"]
[White "Soffer, Ram"]
[Black "Abergel, Thal"]
[Result "1-0"]
[WhiteTitle "GM"]
[BlackTitle "GM"]
[WhiteElo "2477"]
[BlackElo "2422"]
[WhiteTeam "ASA Shlomo Har-Tsvi Tel Aviv"]
[BlackTeam "Elitsur Ironi Netanya named Itshak Shlakman"]
[WhiteFideId "2800101"]
[BlackFideId "614890"]
[EventDate "2019.01.04"]

1. c4 Nf6 2. Nc3 e6 3. d4 c5 4. d5 exd5 5. cxd5 d6 6. e4 g6 7. f4 Bg7 8. Bb5+
Nfd7 9. a4 Na6 10. Nf3 Nc7 11. O-O a6 12. Bxd7+ Bxd7 13. f5 gxf5 14. Bg5 Bf6 15.
Bf4 Bc8 16. e5 dxe5 17. Bxe5 O-O 18. Qe1 Ne8 19. Qg3+ Kh8 20. Qh4 Rg8 21. Ne4
fxe4 22. Ng5 Rg7 23. Rxf6 Nxf6 24. Rf1 Bf5 25. Rxf5 Qxd5 26. Bxf6 1-0

[Event "TCh-ISR 2019"]
[Site "Israel ISR"]
[Date "2019.03.08"]
[Round "9.2"]
[Board "1"]
[White "Gorodetzky, David"]
[Black "Kravtsiv, Martyn"]
[Result "1/2-1/2"]
[WhiteTitle "IM"]
[BlackTitle "GM"]
[WhiteElo "2447"]
[BlackElo "2637"]
[WhiteTeam "Tsafrir Rehovot Alef"]
[BlackTeam "Elitsur Dov Petah Tiqwa"]
[WhiteFideId "2813416"]
[BlackFideId "14113147"]
[EventDate "2019.01.04"]

1. c4 e6 2. Nc3 d5 3. d4 Be7 4. cxd5 exd5 5. Bf4 c6 6. e3 Bd6 7. Qf3 Bxf4 8.
Qxf4 Qf6 9. Qc7 Ne7 10. Nf3 O-O 11. Bd3 b6 12. O-O Ba6 13. Bxa6 Nxa6 14. Qb7 Nb4
15. Ne5 Rfb8 16. Qd7 Rd8 17. Qg4 Rac8 18. a3 Na6 19. Rac1 Nc7 20. f4 Nf5 21. Qh3
c5 22. g4 cxd4 23. gxf5 dxc3 24. Rxc3 Ne8 25. Ng4 Qd6 26. Rxc8 Rxc8 27. f6 Rc2
28. fxg7 Nxg7 29. Qh4 h5 30. Nf6+ Kf8 31. Qg5 d4 32. Nh7+ Kg8 33. Nf6+ Kf8 34.
Qh6 Qe6 35. Nh7+ Kg8 36. Nf6+ Kf8 37. Nh7+ Kg8 38. Nf6+ Kf8 1/2-1/2

[Event "TCh-ISR 2019"]
[Site "Israel ISR"]
[Date "2019.03.08"]
[Round "9.2"]
[Board "4"]
[White "Bykhovsky, Avigdor"]
[Black "Psakhis, Lev"]
[Result "0-1"]
[WhiteTitle "GM"]
[BlackTitle "GM"]
[WhiteElo "2419"]
[BlackElo "2455"]
[WhiteTeam "Elitsur Dov Petah Tiqwa"]
[BlackTeam "Tsafrir Rehovot Alef"]
[WhiteFideId "4101057"]
[BlackFideId "2800012"]
[EventDate "2019.01.04"]

1. d4 Nf6 2. c4 e6 3. Nf3 c5 4. d5 d6 5. Nc3 exd5 6. cxd5 g6 7. Nd2 Nbd7 8. e4
Bg7 9. Be2 O-O 10. O-O Re8 11. a4 Ne5 12. h3 g5 13. Nf3 Nxf3+ 14. Bxf3 Nd7 15.
Bh5 Ne5 16. f4 gxf4 17. Bxf4 Rf8 18. g4 a6 19. Qe2 Rb8 20. Kg2 Bd7 21. a5 b5 22.
axb6 Rxb6 23. Ra2 Qe7 24. Rf2 Ng6 25. Bg3 Rfb8 26. Bxg6 hxg6 27. Qf3 Bd4 28. Re2
f6 29. Qf4 Kg7 30. Qd2 a5 31. Bf2 Rb4 32. Bxd4 Rxd4 33. Qe3 a4 34. Rd2 Qe5 35.
Kf3 Rb3 36. Ra3 Rbb4 37. Rf2 g5 38. Rd2 Be8 39. Ra1 Bg6 40. Re1 a3 41. bxa3 Rb3 0-1

[Event "TCh-ISR 2019"]
[Site "Israel ISR"]
[Date "2019.03.08"]
[Round "9.2"]
[Board "5"]
[White "Mikhalevski, Alexander"]
[Black "Arlinsky, Uriel"]
[Result "1-0"]
[WhiteTitle "IM"]
[BlackTitle "FM"]
[WhiteElo "2430"]
[BlackElo "2336"]
[WhiteTeam "Tsafrir Rehovot Alef"]
[BlackTeam "Elitsur Dov Petah Tiqwa"]
[WhiteFideId "2801728"]
[BlackFideId "2809575"]
[EventDate "2019.01.04"]

1. d4 Nf6 2. c4 e6 3. Nf3 b6 4. Nc3 Bb7 5. a3 g6 6. Bg5 Bg7 7. e3 d6 8. Be2 Nbd7
9. d5 exd5 10. cxd5 h6 11. Bh4 g5 12. Bg3 Nh5 13. Nd4 Nxg3 14. hxg3 Bxd4 15.
Qxd4 Qf6 16. Qa4 a6 17. Bg4 O-O-O 18. Rd1 h5 19. Bxd7+ Rxd7 20. Qd4 Qe5 21. Ne4
Rh6 22. Qxe5 dxe5 23. Nxg5 f6 24. Nf3 Bxd5 25. Rh4 Rhh7 26. e4 Be6 27. Rxd7 Kxd7
28. Nh2 Kd6 29. g4 Bf7 30. Nf3 Bg6 31. g5 f5 32. exf5 Bxf5 33. Nd2 b5 34. Nf1
Bg6 35. Ke2 Rf7 36. g3 e4 37. Nd2 Kd5 38. Ke3 c5 39. Nxe4 Re7 40. f3 Kc4 41. Kd2
Kb3 42. Nxc5+ Kxb2 43. Nxa6 Kxa3 44. Rd4 Rb7 45. Nb4 Rc7 46. f4 Kb3 47. Rd6 Be4
48. Nd3 b4 49. g6 Bf5 50. Rf6 Bxd3 51. Kxd3 Rc3+ 52. Ke4 Rxg3 53. f5 Kb2 54. Rf7
b3 55. g7 Kb1 56. f6 b2 57. Rf8 1-0

[Event "TCh-ISR 2019"]
[Site "Israel ISR"]
[Date "2019.03.08"]
[Round "9.2"]
[Board "6"]
[White "Mesropov, Konstantin"]
[Black "Kunin, Pavel"]
[Result "1-0"]
[WhiteTitle "IM"]
[WhiteElo "2431"]
[BlackElo "2261"]
[WhiteTeam "Elitsur Dov Petah Tiqwa"]
[BlackTeam "Tsafrir Rehovot Alef"]
[WhiteFideId "4116887"]
[BlackFideId "2804409"]
[EventDate "2019.01.04"]

1. c4 e6 2. Nc3 d5 3. e3 Nf6 4. Nf3 Be7 5. b3 O-O 6. Bb2 b6 7. cxd5 Nxd5 8. Nxd5
Qxd5 9. Qc2 Ba6 10. Bc4 Bxc4 11. bxc4 Qb7 12. h4 f5 13. Nd4 Qc8 14. f4 c5 15.
Nf3 Nc6 16. O-O Qd8 17. d4 Rc8 18. Qe2 Bxh4 19. d5 exd5 20. cxd5 Na5 21. Rad1
Bf6 22. Ne5 Qd6 23. Bc3 c4 24. g4 fxg4 25. Qxg4 Nb7 26. Kg2 b5 27. Bb4 Nc5 28.
e4 Rfe8 29. Nc6 Rxc6 30. dxc6 Qxc6 31. Bxc5 Qxc5 32. e5 Qc6+ 33. Qf3 Qxf3+ 34.
Kxf3 Bd8 35. Rd5 a6 36. Ke4 g6 37. Rfd1 Be7 38. Rd7 Ba3 39. Rc7 Re7 40. Rd8+ Kf7
41. Rxe7+ Kxe7 42. Ra8 c3 43. Ra7+ Ke8 44. Kd3 Bc1 45. Kxc3 Bxf4 46. Kd4 h5 47.
Kd5 h4 48. Ke6 Bg5 49. Ra8+ Bd8 50. Kd6 h3 51. e6 1-0

[Event "TCh-ISR 2019"]
[Site "Israel ISR"]
[Date "2019.03.08"]
[Round "9.3"]
[Board "1"]
[White "Rodshtein, Maxim"]
[Black "Boruchovsky, Avital"]
[Result "1-0"]
[WhiteTitle "GM"]
[BlackTitle "GM"]
[WhiteElo "2668"]
[BlackElo "2525"]
[WhiteTeam "Beer Sheva Alef in name of Eliyahu Levant"]
[BlackTeam "Kfar Saba"]
[WhiteFideId "2806851"]
[BlackFideId "2800055"]
[EventDate "2019.01.04"]

1. c4 e6 2. Nc3 d5 3. d4 Nf6 4. cxd5 exd5 5. Bg5 c6 6. e3 Be7 7. Qc2 Bg4 8. h3
Bh5 9. f4 h6 10. Bxf6 Bxf6 11. Bd3 Bh4+ 12. Kd2 Bg3 13. Nf3 Bxf3 14. gxf3 Bh4
15. Rhg1 Bf6 16. Rad1 O-O 17. Kc1 Re8 18. Qd2 a5 19. Bc2 Nd7 20. e4 Nf8 21. e5
Bh4 22. f5 f6 23. f4 b5 24. Rg4 fxe5 25. dxe5 Ra7 26. Rdg1 h5 27. R4g2 Qe7 28.
Ne2 Qb4 29. Qe3 Rd7 30. Qf3 1-0